| 000 | 00614nam a2200169 a 4500 | ||
|---|---|---|---|
| 001 | 000047000 | ||
| 005 | 20241021092516.0 | ||
| 008 | 180411s2016 dr 000 0 spa d | ||
| 020 | _a9789945124064 | ||
| 040 |
_aDO-SdBNP _bspa _cBNPHU |
||
| 082 |
_axxx _bJ61i, 2a. |
||
| 100 | 1 |
_aSolano, Miguel, _91543 |
|
| 245 | 1 | 0 |
_aInformática 2 primaria (Las TICs por competencias) : _blibro para el desarrollo de habilidades digitales en los alumnos de educación primaria / _cMiguel Ángel Jiménez Solano. |
| 260 |
_aSanto Domingo : _bSusaeta, _c2016. |
||
| 300 |
_a126p. : _bil. ; _c29cm. |
||
| 590 | _aInventariado, 2018/MFF | ||
| 999 |
_c46488 _d46488 |
||